00543nam a2200229Ia 4500003000400000005001700004006001800021007000300039008004100042037001700083040001800100041001300118082001300131100001500144245004000159250000600199260004400205300001400249500002200263650001300285700001500298OSt20220925183952.0a|||||r|||| 00| 0ta220923b |||||||| |||| 00| 0 eng d cGeneral Book aRTLcRTLbeng 2engaeng aX:8J, M5 aBansal G D 0aPrinciples and practice of auditing a2 aDelhibMahavir Book Depot c1985 a588pccm. aAppendix P 571-88 aAuditing a Nigam R S